000 00319nam a2200133 i 4500
001 bg
100 1 _aMALZACHER, Stanisław
245 0 _aElektronika przemysłowa /
_cStanisław Malzacher.
260 _aWarszawa,
_c1976.
040 _cBPK
041 _apol
942 _cKS
008 s pl f |000 0 pol
999 _c16963
_d16963
856 _uhttp://koha.tu.koszalin.pl/cgi-bin/koha/opac-detail.pl?biblionumber=16963
_yKatalog online BPK